[Event "RUS GP Gp rapid final"]
[Site "Khanty-Mansiysk"]
[Date "2016.12.03"]
[Round "15.4"]
[White "Sukhareva, Evgenia"]
[Black "Maletin, Pavel"]
[Result "0-1"]
[WhiteElo "2151"]
[BlackElo "2572"]
[PlyCount "120"]
[EventDate "2016.12.01"]
[EventType "tourn (rapid)"]
[EventRounds "15"]
[EventCountry "RUS"]
[EventCategory "13"]
[SourceTitle "CBM 176 Extra"]
[Source "ChessBase"]
[SourceDate "2017.03.02"]
[SourceVersion "1"]
[SourceVersionDate "2017.03.02"]
[SourceQuality "1"]

1. d4 Nf6 2. c4 e6 3. Nf3 d5 4. Bg5 h6 5. Bh4 Bb4+ 6. Nc3 dxc4 7. e3 b5 8. a3 Ba5 9. Nd2 c6 10. Be2 Bb7 11. 0-0 Nbd7 12. Nde4 Bc7 13. Nxf6+ Nxf6 14. Ne4 g5 15. Nxf6+ Qxf6 16. Bg3 Bxg3 17. fxg3 Qe7 18. Bh5 0-0 19. b3 c5 20. bxc4 bxc4 21. Qc2 cxd4 22. exd4 Qd6 23. Rad1 f5 24. g4 Be4 25. Qxc4 Rac8 26. Qe2 Rc2 27. Rd2 Qxd4+ 28. Rxd4 Rxe2 29. Rf2 Re1+ 30. Rf1 Rxf1+ 31. Kxf1 fxg4+ 32. Kg1 Bf5 33. Bxg4 e5 34. Ra4 Bxg4 35. Rxg4 Rf4 36. Rg3 Kf7 37. Rc3 Ra4 38. Kf2 h5 39. g3 Kf6 40. h3 Kf5 41. Ke3 a5 42. Kf3 g4+ 43. hxg4+ hxg4+ 44. Ke3 Re4+ 45. Kf2 Ke6 46. Rc5 Ra4 47. Rc3 Kd5 48. Ke3 Re4+ 49. Kd2 Rd4+ 50. Ke3 Re4+ 51. Kd2 Rc4 52. Rb3 Ke4 53. Re3+ Kd5 54. Rb3 Rd4+ 55. Kc2 Ke4 56. Rb5 a4 57. Rc5 Kf3 58. Rc3+ Kg2 59. Re3 e4 60. Rc3 Kf2 0-1

[Event "RUS GP Gp rapid final"]
[Site "Khanty-Mansiysk"]
[Date "2016.12.02"]
[Round "8.8"]
[White "Jakovenko, Dmitrij"]
[Black "Maletin, Pavel"]
[Result "1-0"]
[WhiteElo "2704"]
[BlackElo "2572"]
[PlyCount "75"]
[EventDate "2016.12.01"]
[EventType "tourn (rapid)"]
[EventRounds "15"]
[EventCountry "RUS"]
[EventCategory "13"]
[SourceTitle "CBM 176 Extra"]
[Source "ChessBase"]
[SourceDate "2017.03.02"]
[SourceVersion "1"]
[SourceVersionDate "2017.03.02"]
[SourceQuality "1"]

1. e4 c5 2. Nf3 d6 3. d4 cxd4 4. Nxd4 Nf6 5. Nc3 a6 6. f3 e5 7. Nb3 Be6 8. Be3 Be7 9. Qd2 Nbd7 10. g4 b5 11. g5 Nh5 12. 0-0-0 Nb6 13. Na5 Qc7 14. Nd5 Nxd5 15. exd5 Bd7 16. Kb1 0-0 17. Rg1 Rac8 18. c4 Nf4 19. Rc1 Qb8 20. Bxf4 exf4 21. Bd3 Bd8 22. cxb5 Bb6 23. Nc6 Bxc6 24. bxc6 Bxg1 25. Rxg1 Qb6 26. Rc1 Rfe8 27. Qxf4 Re5 28. Be4 g6 29. Qd2 Re7 30. h4 a5 31. Qc3 Re5 32. Qb3 Qf2 33. Qa3 Qxh4 34. Qxd6 Qxg5 35. c7 Ree8 36. Qc6 f5 37. Bd3 Qd2 38. Ba6 1-0

[Event "RUS GP Gp rapid final"]
[Site "Khanty-Mansiysk"]
[Date "2016.12.02"]
[Round "9.1"]
[White "Maletin, Pavel"]
[Black "Anikonov, Dmitry"]
[Result "1-0"]
[WhiteElo "2572"]
[BlackElo "2400"]
[PlyCount "73"]
[EventDate "2016.12.01"]
[EventType "tourn (rapid)"]
[EventRounds "15"]
[EventCountry "RUS"]
[EventCategory "13"]
[SourceTitle "CBM 176 Extra"]
[Source "ChessBase"]
[SourceDate "2017.03.02"]
[SourceVersion "1"]
[SourceVersionDate "2017.03.02"]
[SourceQuality "1"]

1. Nf3 d6 2. d4 Nc6 3. e4 Nf6 4. Nc3 g6 5. h3 Bg7 6. Be3 0-0 7. Qd2 e5 8. dxe5 Nxe5 9. Be2 Be6 10. 0-0 Nc4 11. Bxc4 Bxc4 12. Rfe1 Re8 13. Bg5 Qd7 14. Rad1 Be6 15. Nd4 a6 16. Qf4 Nh5 17. Qf3 h6 18. Bc1 c5 19. Nxe6 Rxe6 20. g4 Nf6 21. Qg3 Rae8 22. f3 Qc6 23. Rf1 Qb6 24. Kh1 Qc6 25. Nd5 Qd7 26. Nf4 R6e7 27. b3 Qc6 28. h4 Nd7 29. Nd5 Re6 30. h5 g5 31. Ne3 Be5 32. Qg2 Kh7 33. Nf5 Nf6 34. c4 b5 35. Bb2 Bf4 36. Qc2 b4 37. e5 1-0

[Event "RUS GP Gp rapid final"]
[Site "Khanty-Mansiysk"]
[Date "2016.12.02"]
[Round "10.8"]
[White "Maletin, Pavel"]
[Black "Lysyj, Igor"]
[Result "1/2-1/2"]
[WhiteElo "2572"]
[BlackElo "2643"]
[PlyCount "23"]
[EventDate "2016.12.01"]
[EventType "tourn (rapid)"]
[EventRounds "15"]
[EventCountry "RUS"]
[EventCategory "13"]
[SourceTitle "CBM 176 Extra"]
[Source "ChessBase"]
[SourceDate "2017.03.02"]
[SourceVersion "1"]
[SourceVersionDate "2017.03.02"]
[SourceQuality "1"]

1. d4 Nf6 2. c4 e6 3. g3 d5 4. Bg2 Be7 5. Nf3 0-0 6. 0-0 dxc4 7. Qc2 a6 8. a4 Bd7 9. Qxc4 Bc6 10. Bg5 Bd5 11. Qc2 Be4 12. Qc1 1/2-1/2

[Event "Voronezh op-A 20th"]
[Site "Voronezh"]
[Date "2016.06.20"]
[Round "9"]
[White "Maletin, Pavel"]
[Black "Tsydypov, Zhamsaran"]
[Result "1-0"]
[WhiteElo "2579"]
[BlackElo "2438"]
[PlyCount "75"]
[EventDate "2016.06.12"]
[EventType "swiss"]
[EventRounds "9"]
[EventCountry "RUS"]
[SourceTitle "CBM 173 Extra"]
[Source "ChessBase"]
[SourceDate "2016.08.29"]
[SourceVersion "1"]
[SourceVersionDate "2016.08.29"]
[SourceQuality "1"]

1. Nf3 g6 2. g3 Bg7 3. d4 c5 4. c3 d6 5. dxc5 dxc5 6. Qxd8+ Kxd8 7. Na3 Bd7 8. Bf4 Bc6 9. 0-0-0+ Ke8 10. e4 Bxe4 11. Bg2 Bh6 12. Bxh6 Nxh6 13. Rhe1 f5 14. Nb5 Na6 15. Nh4 Bxg2 16. Nxg2 Rd8 17. Nd6+ Kf8 18. Nxb7 Rxd1+ 19. Rxd1 Ng4 20. Nf4 Kf7 21. Nd8+ Kf6 22. Nd5+ Kg7 23. Ne6+ Kf7 24. Ng5+ Kg7 25. Re1 e5 26. f3 Nf2 27. Kc2 Re8 28. Nxh7 c4 29. Ng5 Nd3 30. Re2 Nac5 31. Ne3 Kf6 32. h4 f4 33. gxf4 Nxf4 34. Rd2 Rh8 35. Rh2 Nce6 36. Ne4+ Ke7 37. Nxc4 g5 38. h5 1-0

[Event "Voronezh op-A 20th"]
[Site "Voronezh"]
[Date "2016.06.13"]
[Round "2"]
[White "Maletin, Pavel"]
[Black "Krasikov, Vladislav"]
[Result "1-0"]
[WhiteElo "2579"]
[BlackElo "2259"]
[PlyCount "107"]
[EventDate "2016.06.12"]
[EventType "swiss"]
[EventRounds "9"]
[EventCountry "RUS"]
[SourceTitle "EXT 2019"]
[Source "ChessBase"]
[SourceDate "2018.10.10"]
[SourceVersion "1"]
[SourceVersionDate "2018.10.10"]
[SourceQuality "1"]

1. Nf3 d5 2. g3 Nf6 3. Bg2 c5 4. 0-0 g6 5. d4 cxd4 6. Nxd4 e5 7. Nb3 Nc6 8. Bg5 d4 9. e3 h6 10. Bxf6 Qxf6 11. exd4 Nxd4 12. Nc3 Nc6 13. Re1 Bg7 14. Ne4 Qd8 15. Nd6+ Ke7 16. Nxc8+ Rxc8 17. Qg4 Qb6 18. Bxc6 bxc6 19. Qh4+ g5 20. Qg4 Rhd8 21. Re3 c5 22. Rc3 Rc7 23. Re1 Rd5 24. Qe4 Qe6 25. g4 Qc6 26. Rc4 Rc8 27. Kg2 Bf6 28. c3 Kf8 29. Re2 Qd6 30. Ra4 Rc7 31. Na5 Qe6 32. Nc4 Qc6 33. Ne3 Rdd7 34. Qxc6 Rxc6 35. Kf3 Kg7 36. Ke4 Kg6 37. Nd5 Bd8 38. Rc4 Rdd6 39. h3 Re6 40. Ra4 Bb6 41. c4 Rc8 42. Ra6 Rcc6 43. Rd2 Rcd6 44. Ne7+ Kf6 45. Rxd6 Rxd6 46. Nd5+ Kg7 47. a4 Rd7 48. Nxb6 axb6 49. Kxe5 Rb7 50. Kd6 f5 51. gxf5 h5 52. Ke6 g4 53. hxg4 h4 54. Ra8 1-0

[Event "Voronezh op-A 20th"]
[Site "Voronezh"]
[Date "2016.06.12"]
[Round "1"]
[White "Murtazin, Bulat"]
[Black "Maletin, Pavel"]
[Result "1-0"]
[WhiteElo "2335"]
[BlackElo "2579"]
[PlyCount "69"]
[EventDate "2016.06.12"]
[EventType "swiss"]
[EventRounds "9"]
[EventCountry "RUS"]
[SourceTitle "CBM 173 Extra"]
[Source "ChessBase"]
[SourceDate "2016.08.29"]
[SourceVersion "1"]
[SourceVersionDate "2016.08.29"]
[SourceQuality "1"]

1. d4 Nf6 2. c4 e6 3. Nf3 b6 4. a3 Bb7 5. Nc3 d5 6. cxd5 Nxd5 7. Qc2 Nxc3 8. bxc3 c5 9. e4 Nc6 10. Bb2 cxd4 11. cxd4 Rc8 12. Rd1 Bd6 13. d5 exd5 14. Rxd5 Qe7 15. Qd3 Nb4 16. axb4 Bxd5 17. Qxd5 Bxb4+ 18. Ke2 0-0 19. Qe5 Rc2+ 20. Kd3 Rxb2 21. Qxb2 Rd8+ 22. Ke3 Qd6 23. e5 Bc5+ 24. Kf4 Qh6+ 25. Kg3 Qg6+ 26. Kh3 Qf5+ 27. Kg3 h5 28. h4 Rd1 29. Qe2 Rc1 30. Qd2 Qc8 31. Ba6 Qg4+ 32. Kh2 Rxh1+ 33. Kxh1 Qa4 34. Qd8+ Bf8 35. Bb7 1-0

[Event "Voronezh op rapid 20th"]
[Site "Voronezh"]
[Date "2016.06.11"]
[Round "9"]
[White "Ponkratov, Pavel"]
[Black "Maletin, Pavel"]
[Result "1/2-1/2"]
[WhiteElo "2573"]
[BlackElo "2579"]
[PlyCount "20"]
[EventDate "2016.06.11"]
[EventType "swiss (rapid)"]
[EventRounds "9"]
[EventCountry "RUS"]
[SourceTitle "EXT 2017"]
[Source "ChessBase"]
[SourceDate "2016.10.25"]
[SourceVersion "1"]
[SourceVersionDate "2016.10.25"]
[SourceQuality "1"]

1. e4 e5 2. Nf3 Nc6 3. Bb5 a6 4. Ba4 Nf6 5. 0-0 Be7 6. Re1 b5 7. Bb3 d6 8. h3 0-0 9. c3 Bb7 10. d3 Na5 1/2-1/2

[Event "Mashhad Ferdowsi op 6th"]
[Site "Mashhad"]
[Date "2016.02.05"]
[Round "9"]
[White "Chigaev, Maksim"]
[Black "Maletin, Pavel"]
[Result "1/2-1/2"]
[WhiteElo "2526"]
[BlackElo "2580"]
[PlyCount "30"]
[EventDate "2016.01.29"]
[EventType "swiss"]
[EventRounds "9"]
[EventCountry "IRI"]
[SourceTitle "CBM 170 Extra"]
[Source "ChessBase"]
[SourceDate "2016.02.25"]
[SourceVersion "1"]
[SourceVersionDate "2016.02.25"]
[SourceQuality "1"]

1. e4 e5 2. Nf3 Nc6 3. Bb5 Nf6 4. 0-0 Nxe4 5. d4 Nd6 6. dxe5 Nxb5 7. a4 Nbd4 8. Nxd4 Nxd4 9. Qxd4 d5 10. exd6 Qxd6 11. Qe4+ Qe6 12. Qd4 Qd6 13. Qe4+ Qe6 14. Qd4 Qd6 15. Qe4+ Qe6 1/2-1/2